003220000a2200145000450000500170000010000180001724500330003525000070006826000400007530000100011504000080012565000120013365000140014565000170015920120302061850.0 a Ramdas,Swami a In the Vision Of God:Part 1 a 2 aMumbai:Bharatiya Vidya Bhavan,1974. a270p. aENG aHistory aBiography aRamdas Swami